| 000 | 00844na a2200277 4500 | ||
|---|---|---|---|
| 001 | 14027 | ||
| 003 | MIRAKIL | ||
| 005 | 20181213154740.0 | ||
| 008 | 160823b tu 000 0 | ||
| 020 | _a9786055493103 | ||
| 035 | _a14027 | ||
| 040 |
_aMilas _btur _cTR-AnCHP |
||
| 082 |
_a741.5 _bA67a |
||
| 090 | _a741.5 A67a [t.y.] | ||
| 100 | _aArslan, Osman | ||
| 245 |
_aAnafartalar kartalı Mustafa Kemal _bo komutan benim _cöykü: Osman Arslan ; çizen: Şeref Manun |
||
| 246 | _ao komutan benim | ||
| 250 | _a5. bs. | ||
| 260 |
_aİstanbul _b2023 Yayıncılık _c[t. y.] |
||
| 300 |
_a24 s. _brnk. res. _c24 sm. |
||
| 490 |
_aTürk tarihi gerçek öyküler çizgi romanları _aÇanakkale destanı _v1 - 10 _v9 |
||
| 600 | _aAtatürk, Mustafa Kemal | ||
| 650 |
_aÇizgi Roman _xTürk |
||
| 700 | _aManun, Şeref | ||
| 942 |
_2ddc _cBKS |
||
| 999 |
_c248 _d248 |
||